000 00206nam a22000977a 4500
999 _c15991
_d15991
003 OSt
008 191025b ||||| |||| 00| 0 eng d
100 _aVimalkar.
_94457
245 _aEllanji pookal
942 _cBK